Welcome to the Holygrace Academy Library

Please use search bar below to get started

THE UGLY DUCKLING (Record no. 9108)

MARC details
000 -LEADER
fixed length control field 00311nam a22001337a 4500
082 ## - DEWEY DECIMAL CLASSIFICATION NUMBER
Classification number 823
Item number AND/U
100 ## - MAIN ENTRY--AUTHOR NAME
Personal name ANDERSON, BEENA GEORGE
245 ## - TITLE STATEMENT
Title THE UGLY DUCKLING
246 ## - VARYING FORM OF TITLE
Title proper/short title THE UGLY DUCKLING
Remainder of title THE UGLY DUCKLING
260 ## - PUBLICATION, DISTRIBUTION, ETC. (IMPRINT)
Place of publication THRISSUR
Name of publisher H& C
Year of publication 2024
300 ## - PHYSICAL DESCRIPTION
Number of Pages 48
650 ## - SUBJECT ADDED ENTRY--TOPICAL TERM
Topical Term ENGLISH STORY
942 ## - ADDED ENTRY ELEMENTS (KOHA)
Koha item type Books
Holdings
Withdrawn status Lost status Collection code Home library Current library Date acquired Source of acquisition Cost, normal purchase price Full call number Accession Number Koha item type
    ENGLISH FICTION Main Library Main Library 18/06/2025 COTRIBUTION 40.00 823 AND/U 13821 Books